000 00478ntaaa2200193 4500
003 01
005 20251027202929.0
008 0714s1973 ag 01
040 _aAR-BaBN
_bspa
_cAR-BaBN
_eaacr
_dRIC
082 _a922.6000 C18
100 _aMiller, Basil
_915843
245 _aWilliam Carey
250 _a1 ed.
260 _aGrand Rapids :
_bZondervan Publishing House,
_c1952
300 _a152 p
650 _abiografĂ­a-Carey
_928909
650 _aCarey
_929879
942 _cBK
999 _c24549
_d24549